000 00500nam a2200181Ia 4500
008 090201s9999 xx 000 0 und d
010 _aKPL-69693
040 _bमराठी
041 _aमराठी
082 _a48303
_b69693
100 _aशैलजा राजे
245 _aसावर
_cशैलजा राजे
250 _a1
260 _c2005
_bमनोरमा प्रकाशन
300 _a166
_bलहान
600 _aसावर
942 _cBOOK
999 _c244954
_d244954